LIBRARY & INFORMATION CENTRE, KCAET, TAVANUR

ONLINE PUBLIC ACCESS CATALOGUE (OPAC)

Principles of manufacturing materials and processes / (Record no. 12971)

MARC details
000 -LEADER
fixed length control field 00438cam a2200157ua 4500
041 ## - LANGUAGE CODE
Language code of text/sound track or separate title eng
100 ## - MAIN ENTRY--AUTHOR NAME
Personal name Campbell, James S .
245 ## - TITLE STATEMENT
Title Principles of manufacturing materials and processes /
260 ## - PUBLICATION, DISTRIBUTION, ETC. (IMPRINT)
Place of publication New Delhi :
Name of publisher Tata Mc-Graw Hill Publishing Company ,
Year of publication 2006.
300 ## - PHYSICAL DESCRIPTION
Number of Pages ; .
942 ## - ADDED ENTRY ELEMENTS (KOHA)
Koha item type Books
Holdings
Withdrawn status Lost status Damaged status Home library Current library Date acquired Full call number Accession Number Koha item type
      KAUAET KAUAET 07/04/2012 670 CAM/PR 21237 Books
free website counter